The Great Commission Prayer Crusade, Prayer handbook: (Record no. 5346)

MARC details
000 -LEADER
fixed length control field 00484nam a22001577a 4500
003 - CONTROL NUMBER IDENTIFIER
control field GBCCL
005 - DATE AND TIME OF LATEST TRANSACTION
control field 20241126110539.0
008 - FIXED-LENGTH DATA ELEMENTS--GENERAL INFORMATION
fixed length control field 180315b ||||| |||| 00| 0 eng d
040 ## - CATALOGING SOURCE
Transcribing agency gbc
082 ## - DEWEY DECIMAL CLASSIFICATION NUMBER
Classification number 248.32
Item number GRE
245 ## - TITLE STATEMENT
Title The Great Commission Prayer Crusade, Prayer handbook:
Remainder of title Learn how you can help change the world thru Prayer
260 ## - PUBLICATION, DISTRIBUTION, ETC.
Place of publication, distribution, etc. San Bernardino:
Name of publisher, distributor, etc. Campus Crusade for Christ,
Date of publication, distribution, etc. 1975
300 ## - PHYSICAL DESCRIPTION
Extent 143 p.;
Other physical details ill.,
Dimensions 21 cm.
650 ## - SUBJECT ADDED ENTRY--TOPICAL TERM
Topical term or geographic name entry element Prayer
9 (RLIN) 332
942 ## - ADDED ENTRY ELEMENTS (KOHA)
Source of classification or shelving scheme Dewey Decimal Classification
Koha item type Books
Koha issues (borrowed), all copies 1
Holdings
Withdrawn status Lost status Source of classification or shelving scheme Damaged status Not for loan Home library Current Library Shelving location Date acquired Total checkouts Full call number Barcode Date last seen Date last checked out Copy number Price effective from Koha item type
    Dewey Decimal Classification     GRACE BIBLE COLLEGE GRACE BIBLE COLLEGE Ministry & Mission 2018-03-15 1 248.32 GRE 009622 2025-05-01 2024-02-17 c.1 2018-03-15 Books
© Grace Bible College Library 2025